<?xml version="1.0" encoding="UTF-8"?><?xml-stylesheet type="text/xsl" href="static/style.xsl"?><OAI-PMH xmlns="http://www.openarchives.org/OAI/2.0/" xmlns:xsi="http://www.w3.org/2001/XMLSchema-instance" xsi:schemaLocation="http://www.openarchives.org/OAI/2.0/ http://www.openarchives.org/OAI/2.0/OAI-PMH.xsd"><responseDate>2026-04-14T07:01:47Z</responseDate><request verb="GetRecord" identifier="oai:www.recercat.cat:2117/428916" metadataPrefix="marc">https://recercat.cat/oai/request</request><GetRecord><record><header><identifier>oai:recercat.cat:2117/428916</identifier><datestamp>2025-07-23T06:45:14Z</datestamp><setSpec>com_2072_1033</setSpec><setSpec>col_2072_452951</setSpec></header><metadata><record xmlns="http://www.loc.gov/MARC21/slim" xmlns:dcterms="http://purl.org/dc/terms/" xmlns:xsi="http://www.w3.org/2001/XMLSchema-instance" xmlns:doc="http://www.lyncode.com/xoai" xsi:schemaLocation="http://www.loc.gov/MARC21/slim http://www.loc.gov/standards/marcxml/schema/MARC21slim.xsd">
   <leader>00925njm 22002777a 4500</leader>
   <datafield ind2=" " ind1=" " tag="042">
      <subfield code="a">dc</subfield>
   </datafield>
   <datafield ind2=" " ind1=" " tag="720">
      <subfield code="a">Pérez Bermejo, Jesús</subfield>
      <subfield code="e">author</subfield>
   </datafield>
   <datafield ind2=" " ind1=" " tag="260">
      <subfield code="c">2025-01-23</subfield>
   </datafield>
   <datafield ind2=" " ind1=" " tag="520">
      <subfield code="a">Es realitza aquest projecte com a Treball de Final de Grau Universitari en Enginyeria Informàtica a la Facultat d'Informàtica de Barcelona (FIB) pertanyent a la UPC. L'objectiu d'aquest treball és millorar la plataforma de gamificació FROLIC, oferint una experiència més motivadora per als estudiants a través de noves funcionalitats que optimitzen la interacció amb la plataforma. A més, es busca millorar l’experiència col·laborativa amb eines com la correcció intel·ligent de tasques, optimitzant l’aprenentatge per rols. En aquesta memòria s'explica tot el procés que s'ha dut a terme en el projecte per al desenvolupament de millores per a una gamificació més realista a la plataforma FROLIC.</subfield>
   </datafield>
   <datafield ind2=" " ind1=" " tag="520">
      <subfield code="a">Se realiza este proyecto como Trabajo de Final de Grado Universitario en Ingeniería Informática en la Facultad de Informática de Barcelona (FIB) perteneciente a la UPC. El objetivo de este trabajo es mejorar la plataforma de gamificación FROLIC, ofreciendo una experiencia más motivadora para los estudiantes a través de nuevas funcionalidades que optimizan la interacción con la plataforma. Además, se busca mejorar la experiencia colaborativa con herramientas como la corrección inteligente de tareas, optimizando el aprendizaje por roles. En la memoria se explica todo el proceso que se ha llevado a cabo en el proyecto para el desarrollo de mejoras para una gamificación más realista en la plataforma FROLIC.</subfield>
   </datafield>
   <datafield ind2=" " ind1=" " tag="520">
      <subfield code="a">This project is carried out as a Final Degree Project in Computer Engineering at the Faculty of Computer Science of Barcelona (FIB), belonging to the UPC. The objective of this work is to improve the FROLIC gamification platform, providing a more motivating experience for students through new functionalities that optimize interaction with the platform. Additionally, the aim is to improve the collaborative experience with tools like intelligent task correction, optimizing role-based learning. This report explains the entire process carried out in the project for the development of improvements for a more realistic gamification in the FROLIC platform.</subfield>
   </datafield>
   <datafield tag="653" ind2=" " ind1=" ">
      <subfield code="a">Àrees temàtiques de la UPC::Informàtica::Sistemes d'informació::Interacció home-màquina</subfield>
   </datafield>
   <datafield tag="653" ind2=" " ind1=" ">
      <subfield code="a">Gamification</subfield>
   </datafield>
   <datafield tag="653" ind2=" " ind1=" ">
      <subfield code="a">Web applications</subfield>
   </datafield>
   <datafield tag="653" ind2=" " ind1=" ">
      <subfield code="a">Ludificació</subfield>
   </datafield>
   <datafield tag="653" ind2=" " ind1=" ">
      <subfield code="a">Aplicacions web</subfield>
   </datafield>
   <datafield ind2="0" ind1="0" tag="245">
      <subfield code="a">Disseny i implementació de millores per a una gamificació més realista a la plataforma FROLIC</subfield>
   </datafield>
</record></metadata></record></GetRecord></OAI-PMH>